Ngôn ngữ học tri nhận : Từ lí thuyết đại cương đến thực tiễn tiếng Việt

Tài liệu này giới thiệu về ngôn ngữ học tri nhận, những sự khác biệt trong các mô hình ngôn ngữ về thế giới, nguyên lý " dĩ nhân vi trung", hai hình thức phản ánh , hai cách nhìn không gian trong ngôn ngữ,.......

Deskribapen osoa

Gorde:
Xehetasun bibliografikoak
Egile nagusia: Lý, Toàn Thắng
Formatua: Liburua
Hizkuntza:Undetermined
Argitaratua: Thành phố Hồ Chí Minh Phương Đông 2009
Gaiak:
Etiketak: Etiketa erantsi
Etiketarik gabe, Izan zaitez lehena erregistro honi etiketa jartzen!
Thư viện lưu trữ: Trung tâm Học liệu Trường Đại học Cần Thơ
LEADER 01269nam a2200241Ia 4500
001 CTU_154877
008 210402s9999 xx 000 0 und d
020 |c 82000 
082 |a 495.922 
082 |b Th116 
100 |a Lý, Toàn Thắng 
245 0 |a Ngôn ngữ học tri nhận : 
245 0 |b Từ lí thuyết đại cương đến thực tiễn tiếng Việt 
245 0 |c Lý Toàn Thắng 
260 |a Thành phố Hồ Chí Minh 
260 |b Phương Đông 
260 |c 2009 
520 |a Tài liệu này giới thiệu về ngôn ngữ học tri nhận, những sự khác biệt trong các mô hình ngôn ngữ về thế giới, nguyên lý " dĩ nhân vi trung", hai hình thức phản ánh , hai cách nhìn không gian trong ngôn ngữ,.... 
526 |a Ẩn dụ tri nhận với việc giảng dạy Ngữ văn,Ngôn ngữ với việc tiếp nhận văn chương,Ngôn ngữ với việc tiếp nhận văn chương 
526 |b SPV618,XH610,SPV602 
650 |a Vietnamese language,Language and languages 
904 |i Trần Trung Ngân 
980 |a Trung tâm Học liệu Trường Đại học Cần Thơ